000
00264 a2200109 4500
001
90257
082
_a
923.15487 SHA
090
_c
42576
_d
42576
100
_a
Safdar Shaheen
245
_a
Sultan Mahmood Ghaznavi
260
_a
karachi
_b
Children Books Pub
_c
2006
942
_a
NUST-CAE
_k
923.15487 SHA
999
_c
325330
_d
325330